| 000 | 00000nam##2200000za#4500 |
| 001 | 9.571950 |
| 003 | CaOODSP |
| 005 | 20210624182958 |
| 007 | cr ||||||||||| |
| 008 | 150406|1998||||xxc|||||o f|0| 0 eng|d |
| 040 | |aCaOODSP|beng |
| 043 | |an-cn--- |
| 086 | 1 |aC21-27/1-1998-4E-PDF |
| 110 | 1 |aCanada. |bIndustry Canada. |
| 245 | 10|aDemographic trends in Canada, 1996-2006 : |h[electronic resource]|bimplications for the public and private sectors / |cby David K. Foot, Richard A. Loreto and Thomas W. McCormack. |
| 260 | |aOttawa - Ontario : |bIndustry Canada |cNovember 1998. |
| 300 | |a59p.|bgraphs, tables |
| 490 | 1 |aCanada in the 21st century. I, Scene setting|vNo. 4 |
| 500 | |aThe catalogue number (C21-27/1-1998-4) and ISBN (0-662-63794-1) for the bilingual print edition have been incorrectly copied in this electronic publication. |
| 504 | |aBibliography. |
| 590 | |a11-24-Supp|b2011-10-24 |
| 690 | 07|aDemography|2gcpds |
| 690 | 07|aLabour market|2gcpds |
| 690 | 07|aPrivate sector|2gcpds |
| 690 | 07|aPublic sector|2gcpds |
| 720 | 1 |aFoot, David K. |
| 720 | 1 |aLoreto, Richard A. |
| 720 | 1 |aMcCormack, Thomas W. |
| 775 | 08|tLes tendances démographiques au Canada, 1996-2006 : |w(CaOODSP)9.602370 |
| 776 | 0#|tDemographic trends in Canada, 1996-2006 : |w(CaOODSP)9.531234 |
| 776 | 0#|tLes tendances démographiques au Canada, 1996-2006 : |w(CaOODSP)9.531235 |
| 830 | #0|aCanada in the 21st century. I, Scene setting ;|vNo. 4|w(CaOODSP)9.506521 |
| 856 | 40|ahttp://publications.gc.ca|qPDF|s164 KB|uhttps://publications.gc.ca/collections/Collection/C21-27-1-1998-4E.pdf|yNo. 4 |